000 00461nam a2200181Ia 4500
001 15683
005 20260306170214.0
008 260306t1996||||xx |||||||||||||| ||und||
041 _aESP
082 _a574.5
_bQ74
100 _aQuiroz Peralta, Cesar A.
_eAUT
245 0 _aAmbiente y Recursos Naturales:
_bun análisis andino-europeo
260 _c1996
300 _a186 páginas :
_c23 cm.
650 _aGEN
654 _aCIA
942 _cLIB
_dJUS
_fJUS
_2ddc
_n
999 _c15683
_d15683